000 00926pam a2200265 a 4500
001 1069530
005 20250115093313.0
008 910318s1991 nyua 001 0 eng
020 _a0895773961
050 0 0 _aQP376
_b.B6962 1991
082 0 0 _a612.8
_220
245 0 4 _aThe Brain and nervous system /
_cmedical editor, Charles B. Clayman.
260 _aPleasantville, N.Y. :
_bReader's Digest,
_cc1991.
300 _a144 p. :
_bill. (some col.) ;
_c29 cm.
440 4 _aThe American Medical Association home medical library
500 _aAt head of title: The American Medical Association.
500 _aIncludes index.
650 0 _aBrain
_xPhysiology
_vPopular works.
650 0 _aNeurophysiology
_vPopular works.
650 0 _aBrain
_xDiseases
_vPopular works.
650 0 _aNervous system
_xDiseases
_vPopular works.
700 1 _aClayman, Charles B.
710 2 _aAmerican Medical Association.
942 _2lcc
_cBK
_n0
999 _c2543
_d2543